Análisis del discurso de Javier Milei en la campaña presidencial diplomová práca

Saved in:
Bibliographic Details
Main Author: Pitoňáková, Natália
Corporate Author: Fakulta aplikovaných jazykov EU v Bratislave. Katedra románskych a slovanských jazykov
Other Authors: Pavliková, Želmíra, 1979-
Format: Book
Language:Spanish
Published: Bratislava 2025
Tags: Add Tag
No Tags, Be the first to tag this record!

MARC

LEADER 00000nbm a2200000 4500
001 0308980
005 20260211124313.3
041 0 |a spa 
044 |a SK 
245 1 0 |a Análisis del discurso de Javier Milei en la campaña presidencial  |b diplomová práca  |c Natália Pitoňáková ; školiteľ: Želmíra Pavliková 
264 1 |a Bratislava  |c 2025 
300 |a 71 s. 
100 1 |a Pitoňáková, Natália 
700 1 |a Pavliková, Želmíra, 1979- 
710 2 |a Fakulta aplikovaných jazykov EU v Bratislave. Katedra románskych a slovanských jazykov